[Event "Aeroflot Open"]
[Site "Moscow RUS"]
[Date "2002.02.05"]
[Round "2"]
[White "Lugovoi,A"]
[Black "Zavgorodniy,S"]
[Result "1-0"]
[WhiteElo "2510"]
[BlackElo "2407"]
[EventDate "2002.02.04"]

1. d4 Nf6 2. c4 e6 3. Nc3 Bb4 4. e3 b6 5. Bd3 Bb7 6. Nf3 Ne4 7. O-O Bxc3 8.
bxc3 f5 9. Ne1 Qh4 10. f3 Nf6 11. a4 d6 12. a5 Nbd7 13. a6 Bc6 14. Nc2 O-O
15. d5 exd5 16. Nd4 Ne5 17. Bxf5 dxc4 18. f4 Neg4 19. Bxg4 Nxg4 20. h3 Bxg2
21. Kxg2 Nh6 22. Qf3 Rae8 23. Qd5+ Kh8 24. Qg5 Qxg5+ 25. fxg5 Rxf1 26. Kxf1
Nf7 27. Nc6 Ne5 28. Nxa7 c6 29. Rb1 b5 30. e4 Kg8 31. Be3 Ra8 32. Ra1 Kf7
33. Bd4 Ke6 34. Bxe5 Rxa7 35. Bxg7 c5 36. Ke2 d5 37. Bf8 1-0

[Event "Aeroflot Open"]
[Site "Moscow RUS"]
[Date "2002.02.06"]
[Round "3"]
[White "Nadanian,A"]
[Black "Tkachiev,V"]
[Result "1/2-1/2"]
[WhiteElo "2407"]
[BlackElo "2634"]
[EventDate "2002.02.04"]

1. Nf3 d6 2. e4 Nf6 3. Nc3 g6 4. d4 Bg7 5. h3 O-O 6. Be3 c6 7. a4 Qc7 8.
Be2 e5 9. dxe5 dxe5 10. O-O Nh5 11. Re1 Qe7 12. Qc1 Re8 13. Nh2 Nf4 14.
Bxf4 exf4 15. Qxf4 Qb4 16. Ra3 Nd7 17. Ng4 Nc5 18. Nf6+ Bxf6 19. Qxf6 Qxb2
20. Raa1 Qb4 21. Rab1 Qa5 22. Red1 Nd7 23. Qf3 Qc5 24. Bf1 Kg7 25. Rd2 Qg5
26. Qe2 Nc5 27. g3 b6 28. Qe1 Nd7 29. Rbd1 Nf6 30. Kh2 Qc5 1/2-1/2

[Event "Aeroflot Open"]
[Site "Moscow RUS"]
[Date "2002.02.06"]
[Round "3"]
[White "Akopian,V"]
[Black "Yemelin,V"]
[Result "1/2-1/2"]
[WhiteElo "2680"]
[BlackElo "2522"]
[EventDate "2002.02.04"]

1. c4 c5 2. Nf3 Nc6 3. Nc3 e5 4. e3 Nf6 5. d4 cxd4 6. exd4 e4 7. Ng5 Bb4 8.
d5 Bxc3+ 9. bxc3 Na5 10. Qd4 O-O 11. f3 Re8 12. Kf2 b6 13. h4 Ba6 14. h5 h6
15. Nxe4 Nxe4+ 16. fxe4 Qe7 17. Bd3 Rac8 18. Rh3 f6 19. Rg3 Kh8 20. Bf4
Bxc4 21. Bc2 Qc5 22. Qxc5 Rxc5 23. Bd6 Rcc8 24. Bf4 Nb7 25. Re3 d6 26. Rb1
Rc5 27. a4 Ba6 28. Ke1 Rec8 29. Kd2 Na5 1/2-1/2

[Event "Aeroflot Open"]
[Site "Moscow RUS"]
[Date "2002.02.06"]
[Round "3"]
[White "Moiseenko,A"]
[Black "Tregubov,P"]
[Result "1/2-1/2"]
[WhiteElo "2559"]
[BlackElo "2626"]
[EventDate "2002.02.04"]

1. d4 d5 2. c4 e6 3. Nc3 c6 4. e3 f5 5. Bd3 Nf6 6. Nge2 Bd6 7. f3 O-O 8.
Qc2 a6 9. O-O b5 10. b3 Nbd7 11. Bd2 Bb7 12. c5 Bc7 13. e4 fxe4 14. fxe4 e5
15. exd5 cxd5 16. Bf5 Bc6 17. Bg5 Qe8 18. Rae1 b4 19. Na4 Ne4 20. Bxe4 dxe4
21. Qc4+ Kh8 22. d5 Bb5 23. Qxe4 1/2-1/2

[Event "Aeroflot Open"]
[Site "Moscow RUS"]
[Date "2002.02.06"]
[Round "3"]
[White "Eljanov,P"]
[Black "Macieja,B"]
[Result "1/2-1/2"]
[WhiteElo "2540"]
[BlackElo "2612"]
[EventDate "2002.02.04"]

1. d4 Nf6 2. Nf3 g6 3. c4 Bg7 4. Nc3 d5 5. cxd5 Nxd5 6. e4 Nxc3 7. bxc3 c5
8. Be3 Qa5 9. Bd2 O-O 10. Be2 Bg4 11. O-O e6 12. a4 cxd4 13. cxd4 Qd8 14.
Bg5 Qd6 15. Rb1 Bxf3 16. Bxf3 Qxd4 17. Qxd4 Bxd4 18. Rxb7 Nc6 19. Rd1 Rac8
20. Rd7 Bb6 21. Bf6 Na5 22. g3 Rc4 23. h4 Rxa4 24. h5 Ra2 25. R7d2 Rxd2 26.
Rxd2 Rc8 27. hxg6 hxg6 28. Bd1 Rc4 29. Kg2 Rxe4 30. Be2 Nc4 31. Rc2 Nd6 32.
Bd3 Rd4 33. Bxd4 1/2-1/2

[Event "Aeroflot Open"]
[Site "Moscow RUS"]
[Date "2002.02.06"]
[Round "3"]
[White "Vescovi,G"]
[Black "Rychagov,A"]
[Result "0-1"]
[WhiteElo "2590"]
[BlackElo "2544"]
[EventDate "2002.02.04"]

1. e4 e6 2. d3 d5 3. Qe2 dxe4 4. dxe4 e5 5. Nf3 Nc6 6. c3 Nf6 7. Qc2 Bd6 8.
Be2 O-O 9. O-O Nh5 10. Nbd2 Nf4 11. Nc4 Nxe2+ 12. Qxe2 Be6 13. Rd1 Qe7 14.
b3 Rfd8 15. Bb2 f6 16. Nxd6 Rxd6 17. Rxd6 Qxd6 18. Rd1 Qc5 19. Ne1 a5 20.
Nd3 Qe7 21. Qc2 a4 22. Bc1 axb3 23. axb3 Na5 24. c4 b5 25. Bd2 bxc4 26.
bxc4 Nxc4 27. Bb4 Nd6 28. Qc6 Qe8 29. Qxe8+ Nxe8 30. Nc5 Kf7 31. Rc1 Nd6
32. h4 Nb5 33. Kh2 h5 34. Bd2 Ra2 35. Be3 Ke7 36. Rb1 c6 37. Rc1 Nd4 38.
Nd3 Kd6 39. Nb4 Rb2 40. Nd3 Rb3 41. Nc5 Rb5 42. Bxd4 exd4 43. Nxe6 Kxe6 44.
Rxc6+ Ke5 0-1

[Event "Aeroflot Open"]
[Site "Moscow RUS"]
[Date "2002.02.06"]
[Round "3"]
[White "Socko,B"]
[Black "Sargissian,G"]
[Result "0-1"]
[WhiteElo "2585"]
[BlackElo "2515"]
[EventDate "2002.02.04"]

1. e4 c6 2. d4 d5 3. e5 Bf5 4. c3 e6 5. Be3 f6 6. f4 Qb6 7. Qb3 g5 8. fxg5
fxe5 9. Qxb6 axb6 10. dxe5 Bc5 11. Bxc5 bxc5 12. Nd2 Nd7 13. Ngf3 h6 14.
Be2 hxg5 15. Nxg5 Nxe5 16. O-O Ke7 17. Rae1 Nh6 18. a3 Rag8 19. h4 Nhf7 20.
Nxf7 Nxf7 21. Rf4 Ne5 22. h5 Kd6 23. Rd1 Ng4 24. Bf3 Rxh5 25. Nc4+ Ke7 26.
Ne5 Rhg5 27. Bxg4 Bxg4 28. Nxg4 Rxg4 29. Rxg4 Rxg4 30. Kf2 e5 31. Rh1 Kf6
32. Rh6+ Kf5 33. Rh7 Ke4 34. Rxb7 Kd3 35. Rh7 e4 36. Rh3+ Kd2 37. b4 d4 0-1

[Event "Aeroflot Open"]
[Site "Moscow RUS"]
[Date "2002.02.06"]
[Round "3"]
[White "Shushpanov,R"]
[Black "Minasian,Art"]
[Result "1/2-1/2"]
[WhiteElo "2460"]
[BlackElo "2576"]
[EventDate "2002.02.04"]

1. Nf3 g6 2. d4 Bg7 3. c3 Nf6 4. Bf4 O-O 5. e3 d6 6. h3 Nbd7 7. Bh2 b6 8.
Be2 Bb7 9. O-O Re8 10. a4 a6 11. Qb3 e5 12. Rd1 Qe7 13. Qa3 Ne4 14. Nbd2
Nxd2 15. Rxd2 Kh8 16. a5 b5 17. Rc1 Rac8 18. dxe5 Nxe5 19. Nxe5 Bxe5 20.
Bxe5+ Qxe5 21. c4 1/2-1/2

[Event "Aeroflot Open"]
[Site "Moscow RUS"]
[Date "2002.02.06"]
[Round "3"]
[White "Volkov,S"]
[Black "Geller,J"]
[Result "1-0"]
[WhiteElo "2567"]
[BlackElo "2417"]
[EventDate "2002.02.04"]

1. d4 d5 2. c4 e6 3. Nc3 c6 4. e4 dxe4 5. Nxe4 Bb4+ 6. Bd2 Qxd4 7. Bxb4
Qxe4+ 8. Be2 Na6 9. Ba5 b6 10. Qd6 bxa5 11. Rd1 f6 12. f3 Qe5 13. Qxc6+ Kf7
14. Qxa8 Ne7 15. Qxa7 Qxb2 16. Nh3 Qxa2 17. Nf2 Nb4 18. Ne4 Nbc6 19. Nd6+
Kg6 20. Qf2 Qa3 21. Qg3+ 1-0

[Event "Aeroflot Open"]
[Site "Moscow RUS"]
[Date "2002.02.06"]
[Round "3"]
[White "Zvjaginsev,V"]
[Black "Markowski,T"]
[Result "0-1"]
[WhiteElo "2656"]
[BlackElo "2524"]
[EventDate "2002.02.04"]

1. Nf3 d6 2. d4 g6 3. e4 Bg7 4. Nc3 Nf6 5. g3 O-O 6. Bg2 Nbd7 7. O-O e5 8.
a4 b6 9. Re1 Bb7 10. a5 a6 11. axb6 cxb6 12. d5 Rc8 13. Nb1 Qc7 14. Na3 b5
15. b3 Nc5 16. Nd2 Qa5 17. Bb2 Qb6 18. Qe2 Nfd7 19. Nf3 f5 20. exf5 Rxf5
21. Nh4 Rf7 22. Bc1 e4 23. Be3 0-1

[Event "Aeroflot Open"]
[Site "Moscow RUS"]
[Date "2002.02.06"]
[Round "3"]
[White "Vasiukov,E"]
[Black "Lastin,A"]
[Result "1/2-1/2"]
[WhiteElo "2524"]
[BlackElo "2630"]
[EventDate "2002.02.04"]

1. e4 c6 2. d4 d5 3. Nd2 dxe4 4. Nxe4 Bf5 5. Ng3 Bg6 6. Nf3 Nf6 7. h4 h6 8.
h5 Bh7 9. Bd3 Bxd3 10. Qxd3 e6 11. Bd2 c5 12. Ne4 Nc6 13. Bc3 Nb4 14. Nxf6+
gxf6 15. Qe2 Rg8 16. dxc5 Nc6 17. Rd1 Qc7 18. Kf1 f5 19. Be5 Qa5 20. Bf6
Be7 21. Bxe7 Kxe7 22. Qe3 Qb5+ 23. Kg1 Qxb2 24. Qxh6 Qxc2 25. Rc1 Qe4 26.
Qe3 Rg4 27. h6 Qxe3 28. fxe3 Rh8 29. Rb1 Rb4 30. Kf2 Rxb1 31. Rxb1 Nd8 32.
c6 bxc6 33. Rb8 Rxh6 34. Ra8 Rh1 35. Rxa7+ Kd6 36. Nd2 Rc1 37. Ke2 c5 38.
g3 Nc6 39. Rxf7 c4 40. a3 c3 41. Nc4+ Kd5 42. Kd3 Rd1+ 43. Kc2 Rg1 44. Kd3
Rd1+ 45. Kc2 Rg1 46. Kd3 Rxg3 47. Rd7+ Kc5 48. Kxc3 f4 49. Rc7 Kd5 50. Rd7+
Kc5 51. Rc7 1/2-1/2

[Event "Aeroflot Open"]
[Site "Moscow RUS"]
[Date "2002.02.06"]
[Round "3"]
[White "Sadvakasov,D"]
[Black "Pogorelov,R"]
[Result "0-1"]
[WhiteElo "2555"]
[BlackElo "2460"]
[EventDate "2002.02.04"]

1. e4 e6 2. d4 d5 3. Nc3 Bb4 4. e5 c5 5. a3 Bxc3+ 6. bxc3 Qa5 7. Bd2 Qa4 8.
Qb1 c4 9. h4 Nc6 10. h5 h6 11. Nf3 Nge7 12. g3 Bd7 13. Bh3 O-O-O 14. O-O
Rdf8 15. Nh4 g5 16. Ng2 f5 17. exf6 Rxf6 18. Ne3 Rf7 19. Re1 Ng8 20. Ng4
Nf6 21. Nxf6 Rxf6 22. Re2 Rhf8 23. Bg4 Nd8 24. Qb2 e5 25. Qb4 Qxb4 26.
Bxd7+ Kxd7 27. axb4 exd4 28. cxd4 Ne6 29. c3 a6 30. Rae1 R8f7 31. Kg2 Ng7
32. Rh1 Re6 33. Rxe6 Nxe6 34. Re1 Rf6 35. g4 Kc6 36. Kg3 b6 37. Re5 a5 38.
bxa5 bxa5 39. Re1 a4 40. Ra1 Kb5 41. Bc1 Nf4 42. Bxf4 Rxf4 43. f3 Rf6 44.
Kf2 Re6 45. Rb1+ Ka5 46. Ra1 Rb6 47. f4 gxf4 48. Kf3 Rb3 49. Rc1 a3 50.
Kxf4 Ka4 51. g5 hxg5+ 52. Kxg5 a2 53. Ra1 Ka3 54. h6 Kb2 0-1

[Event "Aeroflot Open"]
[Site "Moscow RUS"]
[Date "2002.02.06"]
[Round "3"]
[White "Chernikov,O"]
[Black "Izoria,Z"]
[Result "0-1"]
[WhiteElo "2460"]
[BlackElo "2547"]
[EventDate "2002.02.04"]

1. Nf3 g6 2. g3 Bg7 3. Bg2 e5 4. d3 d5 5. O-O Ne7 6. c3 O-O 7. e4 a5 8. d4
exd4 9. Nxd4 Na6 10. exd5 Nxd5 11. Na3 c6 12. Nc4 Re8 13. Re1 Rxe1+ 14.
Qxe1 Nc5 15. Be3 Nd3 16. Qe2 Nxe3 17. Qxe3 Bxd4 18. cxd4 Nb4 19. Qc3 Be6
20. a3 Nd5 21. Qd2 Ne7 22. Qc3 Nd5 23. Qd2 a4 24. Re1 Qc7 25. Ne3 Ne7 26.
Qb4 Qa5 27. Qxa5 Rxa5 28. Bf1 Nd5 29. Rc1 Ra8 30. Nxd5 Bxd5 31. f4 Kf8 32.
Re1 Rd8 33. Kf2 Be6 34. Ke3 Ke7 35. Rc1 Kd6 36. Kd2 Kd5 37. Ke3 Re8 0-1

[Event "Aeroflot Open"]
[Site "Moscow RUS"]
[Date "2002.02.06"]
[Round "3"]
[White "Zulfugarli,M"]
[Black "Efimenko,Z"]
[Result "0-1"]
[WhiteElo "2430"]
[BlackElo "2546"]
[EventDate "2002.02.04"]

1. e4 c5 2. Nf3 d6 3. d4 cxd4 4. Nxd4 Nf6 5. Nc3 a6 6. Be3 e5 7. Nb3 Be6 8.
Qd2 Nbd7 9. f3 b5 10. O-O-O Be7 11. Kb1 Qc7 12. Nd5 Bxd5 13. exd5 Nb6 14.
Bxb6 Qxb6 15. g3 a5 16. Qd3 b4 17. Nd2 O-O 18. Bh3 a4 19. Rhe1 Ra7 20. Nc4
Qc5 21. b3 Bd8 22. Re2 Bb6 23. Bg2 Ne8 24. Nb2 a3 25. Na4 Qa5 26. f4 Bd4
27. Be4 Nf6 28. g4 Qc7 29. Qf3 Nxe4 30. Rxe4 0-1

[Event "Aeroflot Open"]
[Site "Moscow RUS"]
[Date "2002.02.06"]
[Round "3"]
[White "Bar,R"]
[Black "Timofeev,An"]
[Result "0-1"]
[WhiteElo "2418"]
[BlackElo "2320"]
[EventDate "2002.02.04"]

1. e4 c5 2. Nf3 d6 3. d4 cxd4 4. Nxd4 Nf6 5. f3 e5 6. Nb3 Be6 7. c4 a5 8.
Be3 a4 9. N3d2 Be7 10. Be2 Nh5 11. O-O Bg5 12. Bf2 Nf4 13. Nc3 Nc6 14. Nd5
O-O 15. Bb6 Qd7 16. Nxf4 Bxf4 17. Nb1 Qe7 18. g3 Qg5 19. Kg2 Be3 20. h4 Qh6
21. Bxe3 Qxe3 22. Qd2 Qc5 23. Na3 Nd4 24. Rac1 f5 25. Nb5 Nxe2 26. Qxe2
fxe4 27. Qxe4 Rf7 28. Rfd1 Raf8 29. Rc3 Bd7 30. Rd5 Qb4 31. Nxd6 Rf6 32. c5
Qxb2+ 33. Rc2 Qa1 34. Rd3 h6 35. Qe2 Bh3+ 36. Kxh3 Qh1+ 37. Kg4 Rg6+ 38.
Kh5 Rg5+ 0-1

[Event "Aeroflot Open"]
[Site "Moscow RUS"]
[Date "2002.02.06"]
[Round "3"]
[White "Kulaots,K"]
[Black "Mirovshchikov,S"]
[Result "1-0"]
[WhiteElo "2531"]
[BlackElo "2402"]
[EventDate "2002.02.04"]

1. e4 c5 2. Nf3 e6 3. d4 cxd4 4. Nxd4 Nc6 5. Nb5 d6 6. Bf4 e5 7. Be3 a6 8.
N5c3 Nf6 9. Bg5 Be7 10. Bxf6 Bxf6 11. Nd2 Be6 12. Nc4 Nd4 13. Bd3 O-O 14.
O-O g6 15. Ne3 Bg5 16. Ncd5 Rc8 17. c3 Nc6 18. Bc2 Na5 19. Qe2 Bxe3 20.
Nxe3 Nc4 21. Bb3 Qc7 22. Rad1 Nxe3 23. Qxe3 Rfd8 24. Rd2 Bxb3 25. axb3 Qc5
26. Qg5 Qb5 27. b4 d5 28. Qxe5 dxe4 29. Qxb5 axb5 30. Rfd1 Rxd2 31. Rxd2
Kg7 32. Kf1 Rc7 33. Ke2 Kf6 34. Rd5 Ke6 35. Rxb5 f5 36. g3 Kd6 37. h4 Rf7
38. Ke3 Kc6 39. Rc5+ Kd6 40. Kd4 Re7 41. Rd5+ Kc7 42. Ke3 Re8 43. Kf4 Ra8
44. h5 Ra1 45. Kg5 Rf1 46. hxg6 hxg6 47. Rd2 Rg1 48. Kxg6 f4 49. Kf5 e3 50.
fxe3 fxe3 51. Re2 Rxg3 52. Kf4 Rh3 53. Ke4 Kc6 54. Kd3 Rg3 55. Rxe3 Rg2 56.
Re2 Rg3+ 57. Kc4 Rg4+ 58. Kb3 Rg3 59. Ka4 Rg5 60. Re6+ Kc7 61. b5 Rg1 62.
Kb4 Rh1 63. c4 Rg1 64. Re7+ Kb8 65. b6 Rg8 66. Kb5 Rh8 67. c5 Rg8 68. b4
Rh8 69. Ka5 Rc8 70. Re5 Ka8 71. b5 Kb8 72. Rh5 Ka8 73. c6 bxc6 74. bxc6 1-0

[Event "Aeroflot Open"]
[Site "Moscow RUS"]
[Date "2002.02.06"]
[Round "3"]
[White "Poluljahov,A"]
[Black "Khurtsidze,N"]
[Result "1-0"]
[WhiteElo "2527"]
[BlackElo "2434"]
[EventDate "2002.02.04"]

1. d4 Nf6 2. Nf3 e6 3. c4 b6 4. Nc3 Bb4 5. Qb3 c5 6. Bg5 Nc6 7. d5 Na5 8.
Qc2 h6 9. Bh4 d6 10. Nd2 e5 11. e4 Bxc3 12. Qxc3 Nxd5 13. Qg3 g5 14. exd5
f5 15. f4 gxh4 16. Qg6+ Kf8 17. fxe5 dxe5 18. Bd3 Qg5 19. Qxg5 hxg5 20.
Bxf5 Ke7 21. O-O Rf8 22. Bxc8 Raxc8 23. b3 b5 24. cxb5 Kd6 25. Rad1 Rxf1+
26. Kxf1 c4 27. Ne4+ Kd7 28. b4 Nb7 29. Ke2 Nd6 30. Nc5+ Ke7 31. a4 Nf5 32.
Kd2 Rd8 33. Kc3 Ne3 34. Re1 Nxd5+ 35. Kxc4 Nb6+ 36. Kb3 Rd5 37. a5 Nc8 38.
Ne4 Rd3+ 39. Kc4 Rd4+ 40. Kc5 g4 41. Nc3 Ke6 42. Rd1 Rxd1 43. Nxd1 e4 44.
b6 1-0

[Event "Aeroflot Open"]
[Site "Moscow RUS"]
[Date "2002.02.06"]
[Round "3"]
[White "Shipov,S"]
[Black "Bagirov,R"]
[Result "0-1"]
[WhiteElo "2630"]
[BlackElo "2471"]
[EventDate "2002.02.04"]

1. d4 Nf6 2. c4 e6 3. Nf3 d5 4. Nc3 Bb4 5. e3 O-O 6. Bd3 c5 7. O-O Nc6 8.
a3 Bxc3 9. bxc3 dxc4 10. Bxc4 Qc7 11. Ba2 Rd8 12. Bb2 h6 13. Qe2 b6 14. e4
a5 15. Rfe1 Ba6 16. Qc2 cxd4 17. cxd4 Rac8 18. Qb3 Ne7 19. Rac1 Qb7 20.
Rxc8 Rxc8 21. Bb1 Ng6 22. d5 exd5 23. Bxf6 gxf6 24. exd5 Bc4 25. Qe3 Bxd5
26. Nd4 Qe7 27. Qd2 Qxa3 28. h4 Qb4 29. Qd1 Rd8 30. Nc6 Bxc6 31. Qxd8+ Kg7
32. Rc1 Ne5 33. Qd1 Qxh4 34. Rc3 Ng4 35. Rg3 Qh2+ 36. Kf1 Qxg3 0-1

[Event "Aeroflot Open"]
[Site "Moscow RUS"]
[Date "2002.02.06"]
[Round "3"]
[White "Erenburg,S"]
[Black "Iskusnyh,S"]
[Result "1/2-1/2"]
[WhiteElo "2436"]
[BlackElo "2514"]
[EventDate "2002.02.04"]

1. e4 c5 2. c3 d5 3. exd5 Qxd5 4. d4 Nf6 5. Nf3 Bg4 6. dxc5 Qxc5 7. h3 Bh5
8. Be3 Qc7 9. Na3 a6 10. Qa4+ Nbd7 11. O-O-O Bxf3 12. gxf3 Rc8 13. Rg1 g6
14. Bf4 Qc6 15. Qxc6 Rxc6 16. Nc4 Rc5 17. Re1 Kd8 18. Be3 Rh5 19. f4 Bh6
20. Bg2 Kc7 21. Ne5 Rf8 22. Nxd7 Nxd7 23. f5 Bxe3+ 24. Rxe3 Re8 25. fxg6
hxg6 26. Rge1 e6 27. Kd1 Rf5 28. Ke2 Nf6 29. Rd1 Nh5 30. Kf1 Re7 31. Rd4
Rf4 32. Rd2 e5 33. Bf3 Ng7 34. Bg4 e4 35. Kg2 f5 36. Bd1 Rh4 37. f3 exf3+
38. Rxf3 Nh5 39. Rdf2 Rhe4 40. Bb3 Re1 41. Rd2 Rb1 42. Rf1 Rxf1 43. Kxf1
Nf4 44. h4 Rh7 45. Rh2 Kd6 46. Kf2 g5 47. Kg3 Nh5+ 48. Kg2 g4 49. Rh1 Re7
50. Rd1+ Kc7 51. Kf2 f4 52. Rd5 Ng3 53. Bd1 Ne4+ 54. Kf1 f3 55. Rd4 Ng3+
56. Kf2 Nh1+ 57. Kf1 Ng3+ 58. Kf2 Nh1+ 59. Kf1 f2 60. Be2 Ng3+ 61. Kxf2
Nxe2 62. Rxg4 Nc1 1/2-1/2

[Event "Aeroflot Open"]
[Site "Moscow RUS"]
[Date "2002.02.06"]
[Round "3"]
[White "Meshkov,Y"]
[Black "Kalinin,Al"]
[Result "1/2-1/2"]
[WhiteElo "2407"]
[BlackElo "2512"]
[EventDate "2002.02.04"]

1. g3 e5 2. c4 Nf6 3. Bg2 d5 4. cxd5 Nxd5 5. Nc3 Nb6 6. Nf3 Nc6 7. O-O Be7
8. a3 O-O 9. b4 Be6 10. d3 Nd4 11. Bb2 Nxf3+ 12. Bxf3 c6 13. Ne4 Nd7 14.
Nd2 a5 15. bxa5 Qxa5 16. Nc4 Qc7 17. Qc2 b5 1/2-1/2

[Event "Aeroflot Open"]
[Site "Moscow RUS"]
[Date "2002.02.06"]
[Round "3"]
[White "Zaitsev,I"]
[Black "Kantsler,B"]
[Result "1/2-1/2"]
[WhiteElo "2444"]
[BlackElo "2519"]
[EventDate "2002.02.04"]

1. e4 g6 2. d3 Bg7 3. Nf3 d6 4. Be2 Nf6 5. Nc3 O-O 6. O-O e6 7. e5 dxe5 8.
Nxe5 Nfd7 9. Nf3 h6 10. Be3 b6 11. Qe1 Nc6 12. Rd1 Ne7 1/2-1/2

[Event "Aeroflot Open"]
[Site "Moscow RUS"]
[Date "2002.02.06"]
[Round "3"]
[White "Yagupov,I"]
[Black "Korobov,A"]
[Result "1-0"]
[WhiteElo "2466"]
[BlackElo "2511"]
[EventDate "2002.02.04"]

1. e4 c5 2. Nf3 d6 3. d4 cxd4 4. Nxd4 Nf6 5. Nc3 a6 6. Be3 e6 7. f3 b5 8.
g4 h6 9. Qd2 Bb7 10. O-O-O Nbd7 11. h4 b4 12. Na4 Qa5 13. b3 Nc5 14. a3 Rc8
15. axb4 Nxb3+ 16. Nxb3 Qxa4 17. Kb2 d5 18. c3 dxe4 19. Ra1 Qd7 20. Qxd7+
Nxd7 21. Na5 Bd5 22. Bxa6 Rb8 23. fxe4 Bxe4 24. Rhe1 Bf3 25. Bf4 Rb6 26.
Nc4 Rxa6 27. Rxa6 g5 28. Nd6+ Bxd6 29. Bxd6 Rg8 30. h5 Nf6 31. Ra7 Bxg4 32.
Be5 1-0

[Event "Aeroflot Open"]
[Site "Moscow RUS"]
[Date "2002.02.06"]
[Round "3"]
[White "Vokarev,S"]
[Black "Annageldyev,O"]
[Result "1-0"]
[WhiteElo "2507"]
[BlackElo "2483"]
[EventDate "2002.02.04"]

1. e4 c5 2. Nf3 Nc6 3. d4 cxd4 4. Nxd4 Qb6 5. Nb3 Nf6 6. Nc3 e6 7. Be3 Qc7
8. Qd2 Bb4 9. f3 d5 10. a3 Bxc3 11. Qxc3 dxe4 12. fxe4 O-O 13. Bd3 Ng4 14.
Bg1 f5 15. exf5 Qf4 16. Qd2 Qe5+ 17. Qe2 Qxb2 18. Qxg4 Qc3+ 19. Ke2 Qf6 20.
Bd4 Nxd4+ 21. Qxd4 Qg5 22. Kf2 e5 23. Qe3 Qh4+ 24. Qg3 Qf6 25. Rhe1 Bxf5
26. Kg1 Bxd3 27. Qxd3 Qf2+ 28. Kh1 Rac8 29. Rf1 Qxc2 30. Rxf8+ Kxf8 31.
Qf1+ 1-0

[Event "Aeroflot Open"]
[Site "Moscow RUS"]
[Date "2002.02.06"]
[Round "3"]
[White "Inarkiev,E"]
[Black "Janssen,R"]
[Result "1-0"]
[WhiteElo "2500"]
[BlackElo "2476"]
[EventDate "2002.02.04"]

1. e4 c5 2. Nf3 d6 3. d4 cxd4 4. Nxd4 Nf6 5. Nc3 a6 6. Be3 e6 7. f3 b5 8.
g4 h6 9. Qd2 Nbd7 10. O-O-O Bb7 11. h4 b4 12. Na4 Qa5 13. b3 Be7 14. Bh3 g5
15. a3 d5 16. hxg5 hxg5 17. e5 Nxe5 18. Bxg5 Nc4 19. axb4 Qxa4 20. bxa4
Nxd2 21. Bxd2 Nd7 22. g5 Rg8 23. Rhg1 Ne5 24. f4 Nc6 25. Nxe6 fxe6 26. Bxe6
Rf8 27. Bxd5 O-O-O 28. Be6+ Kb8 29. c3 Rd6 30. Rde1 Rfd8 31. Re2 Nxb4 32.
cxb4 Bf3 33. Re3 Rxd2 34. Rxf3 Re2 35. f5 Rdd2 36. f6 Rc2+ 37. Kb1 Rb2+ 38.
Ka1 Bxb4 39. f7 Bf8 40. g6 Rbd2 41. Rb3+ Kc7 42. g7 1-0

[Event "Aeroflot Open"]
[Site "Moscow RUS"]
[Date "2002.02.06"]
[Round "3"]
[White "Belov,Vl"]
[Black "Isaev,J"]
[Result "1-0"]
[WhiteElo "2487"]
[BlackElo "2455"]
[EventDate "2002.02.04"]

1. e4 e5 2. Nf3 Nc6 3. Bb5 a6 4. Ba4 Nf6 5. O-O Be7 6. Re1 b5 7. Bb3 O-O 8.
c3 d5 9. d4 exd4 10. e5 Ne4 11. Nxd4 Nxd4 12. cxd4 Kh8 13. Nc3 Nxc3 14.
bxc3 Bf5 15. Qf3 Be4 16. Rxe4 dxe4 17. Qxe4 f5 18. Qc6 Rb8 19. Qxa6 Rb6 20.
Qa7 f4 21. Bd1 b4 22. Bb2 bxc3 23. Bxc3 Bb4 24. Bxb4 Rxb4 25. Qc5 Rxd4 26.
Bf3 Rf7 27. a4 Rfd7 28. h3 Qe7 29. Qb5 c5 30. a5 Qxe5 31. a6 Ra7 32. Rc1 h6
33. Rxc5 Qe1+ 34. Kh2 Kh7 35. Rc8 Qxf2 36. Qf5+ g6 37. Qe5 Rg7 38. a7 Rb4
39. Rh8+ Kxh8 40. a8=Q+ Kh7 41. Qaa1 Qa7 42. Qae1 Qb6 1-0

[Event "Aeroflot Open"]
[Site "Moscow RUS"]
[Date "2002.02.07"]
[Round "4"]
[White "Tkachiev,V"]
[Black "Vorobiov,E"]
[Result "1/2-1/2"]
[WhiteElo "2634"]
[BlackElo "2534"]
[EventDate "2002.02.04"]

1. d4 Nf6 2. c4 g6 3. g3 c6 4. Bg2 d5 5. cxd5 cxd5 6. Nc3 Bg7 7. Nf3 O-O 8.
Ne5 Bf5 9. Bf4 Ne4 10. Rc1 Nc6 11. O-O Rc8 12. Nxe4 dxe4 13. Nxc6 Rxc6 14.
Rxc6 bxc6 15. e3 Qa5 16. Qc2 Qxa2 17. Bxe4 Bxe4 18. Qxe4 e6 19. b4 Qc4 20.
Bd6 Rc8 21. Ra1 a6 22. Ra5 Bf8 23. Qe5 Bxd6 24. Qxd6 Qc2 25. h4 Qb1+ 26.
Kg2 Qe4+ 27. Kh2 Qc2 28. Qf4 Qb2 29. Rxa6 Qxb4 30. Qf6 Qf8 31. Ra5 1/2-1/2

[Event "Aeroflot Open"]
[Site "Moscow RUS"]
[Date "2002.02.07"]
[Round "4"]
[White "Tregubov,P"]
[Black "Kulaots,K"]
[Result "1-0"]
[WhiteElo "2626"]
[BlackElo "2531"]
[EventDate "2002.02.04"]

1. d4 Nf6 2. c4 e6 3. Nf3 b6 4. g3 Ba6 5. Nbd2 c5 6. e4 cxd4 7. e5 Ng4 8.
h3 Nh6 9. Bg2 Nc6 10. O-O Nf5 11. a3 Be7 12. b4 Bb7 13. g4 Nh4 14. Nxh4
Bxh4 15. Ne4 Be7 16. Bg5 O-O 17. Bxe7 Nxe7 18. Qxd4 Bxe4 19. Bxe4 Rc8 20.
Rad1 Rc7 21. f4 f6 22. exf6 Rxf6 23. Bc2 Qc8 24. Bb3 Kh8 25. Qe4 Ng6 26.
Rf2 Qf8 27. Rdf1 Qd6 28. Bc2 Qc6 29. Qxc6 Rxc6 30. g5 Rf7 31. f5 exf5 32.
Be4 Rc8 33. Bd5 Rff8 34. Rxf5 Rxf5 35. Rxf5 Rf8 36. Rxf8+ Nxf8 37. Kf2 h6
38. Kf3 hxg5 39. Kg4 g6 40. Kxg5 Kg7 41. h4 Nh7+ 42. Kf4 Kf6 43. Bg8 Nf8
44. c5 bxc5 45. bxc5 Kg7 46. Bc4 Kf6 47. Bb3 Nh7 48. Bg8 Nf8 49. Ke4 Kg7
50. Bc4 Kf6 51. Kd5 Ke7 52. Ke5 Nh7 53. Ba2 a5 54. Bc4 Nf6 55. Bd3 Ng4+ 56.
Kf4 Nf6 57. Bxg6 1-0

[Event "Aeroflot Open"]
[Site "Moscow RUS"]
[Date "2002.02.07"]
[Round "4"]
[White "Potkin,V"]
[Black "Asrian,K"]
[Result "1-0"]
[WhiteElo "2481"]
[BlackElo "2599"]
[EventDate "2002.02.04"]

1. e4 c6 2. d4 d5 3. exd5 cxd5 4. c4 Nf6 5. Nc3 e6 6. Nf3 Bb4 7. cxd5 Nxd5
8. Qc2 Qc7 9. Bd2 Nd7 10. Bd3 Bxc3 11. bxc3 N5f6 12. O-O O-O 13. Rae1 b6
14. Ne5 Bb7 15. f4 Rfe8 16. Re3 Nf8 17. f5 exf5 18. Bxf5 Ng6 19. Rh3 Nxe5
20. Bxh7+ Kf8 21. Bf4 Ba6 22. Bxe5 Rxe5 23. dxe5 Qc5+ 24. Qf2 Nxh7 25.
Qxc5+ bxc5 1-0

[Event "Aeroflot Open"]
[Site "Moscow RUS"]
[Date "2002.02.07"]
[Round "4"]
[White "Meister,Y"]
[Black "Fedorov,Alex"]
[Result "0-1"]
[WhiteElo "2494"]
[BlackElo "2589"]
[EventDate "2002.02.04"]

1. e4 c5 2. Nf3 d6 3. d4 cxd4 4. Nxd4 Nf6 5. Nc3 g6 6. Be2 Bg7 7. O-O O-O
8. Re1 Nc6 9. Nb3 b6 10. Bf1 Bb7 11. Bg5 h6 12. Be3 Rc8 13. f3 Kh7 14. Qd2
Nd7 15. Rad1 Qc7 16. Nd5 Qb8 17. c3 Rfe8 18. Qf2 e6 19. Nf4 Rcd8 20. Rd2
Nf6 21. c4 Ne5 22. Rc1 d5 23. cxd5 exd5 24. Nxd5 Nxd5 25. exd5 Rxd5 26.
Rxd5 Bxd5 27. Nd4 Qd8 28. Bb5 Bxa2 29. Kh1 Qe7 30. Bxe8 Nd3 31. Qd2 Nxc1
32. Bxf7 Bxf7 33. Qxc1 a5 34. Qd2 a4 35. Kg1 Bc4 36. f4 Qe4 37. Kf2 b5 38.
Nf3 Bd5 39. Bc5 Bc6 40. Bb4 Bf6 41. Kg3 g5 42. fxg5 hxg5 43. Bc3 Qf4+ 44.
Qxf4 gxf4+ 45. Kxf4 Bxc3 46. Ng5+ Kg6 0-1

[Event "Aeroflot Open"]
[Site "Moscow RUS"]
[Date "2002.02.07"]
[Round "4"]
[White "Dolmatov,S"]
[Black "Loginov,Va"]
[Result "1-0"]
[WhiteElo "2588"]
[BlackElo "2524"]
[EventDate "2002.02.04"]

1. e4 c5 2. Nf3 d6 3. d4 cxd4 4. Nxd4 Nf6 5. Nc3 Nc6 6. Bg5 e6 7. Qd2 a6 8.
O-O-O Qb6 9. Nb3 Bd7 10. Kb1 Rc8 11. f3 Qc7 12. Be3 b5 13. Bxb5 axb5 14.
Nxb5 Qb8 15. Nxd6+ Bxd6 16. Qxd6 Qxd6 17. Rxd6 Ne5 18. Bc5 Ba4 19. Bb4 O-O
20. Ra6 Bxb3 21. cxb3 Rfd8 22. Bc3 Nc6 23. b4 Ne8 24. a4 Nb8 25. Ra5 Kf8
26. Ka2 f6 27. Rc5 Ke7 28. Rxc8 Rxc8 29. b5 Kd6 30. Ba5 h5 31. Rd1+ Ke7 32.
Bb4+ Kf7 33. Kb3 e5 34. a5 Ke6 35. Ka4 g6 36. a6 Nd7 37. Ka5 f5 38. a7 fxe4
39. fxe4 Nef6 40. Rd6+ Kf7 41. b6 1-0